00305cam a2200145ua 45000010005000000080039000050400009000440410012000530820016000650820016000811000014000972450019001113000010001306530019001401127121106n II |||gr||||Z||||||ben aMAIN aEnglish a891.491 MAJ a891.451 MAJ aMAJUMDER. aKAYBA MANJUSHA c20CM. aAsomiya Kabita